Automatizovaná kontrola stavu hrotu wolfrámovej elektródy zváracieho robota pomocou optického snímača

Na minha lista:
Detalhes bibliográficos
Autor principal: Čierny, Lukáš (Author)
Outros Autores: Dekan, Martin (Thesis advisor)
Formato: Manuscrito Livro
Idioma:eslovaco
Publicado em: Bratislava : STU v Bratislave FEI, 2023
Assuntos:
Acesso em linha:https://opac.crzp.sk/?fn=detailBiblioFormChildEEI77&sid=C0DEB8E07572332BA2260C15805F&seo=CRZP-detail-kniha
Tags: Adicionar Tag
Sem tags, seja o primeiro a adicionar uma tag!

MARC

LEADER 00000ntm a22000003a 4500
001 stuzp92110
003 SK-STU
005 20241127125001.4
007 ta
008 150427s2015----xo-----f-mn---000-0-slo-d
040 |a STU  |b slo 
041 0 |a slo 
044 |a xo 
100 1 |a Čierny, Lukáš  |u 031000  |4 aut  |U FEI Fakulta elektrotechniky a informatiky  |T FEI Ústav robotiky a kybernetiky  |X 98315  |U E011  |Y 356  |7 98315 
242 0 1 |a Automated Condition Control of the Tungsten Electrode of the Welding Robot Using an Optical Sensor  |y eng 
245 1 0 |a Automatizovaná kontrola stavu hrotu wolfrámovej elektródy zváracieho robota pomocou optického snímača 
260 |a Bratislava :  |b STU v Bratislave FEI,  |c 2023 
300 |a 64 s. 
650 4 |a fuzzy logika  |2 slo 
650 4 |a TIG zváranie  |2 slo 
650 4 |a mračno bodov  |2 slo 
650 4 |a volfrámová elektróda  |2 slo 
650 4 |a zvárací manipulátor  |2 slo 
650 4 |a tungsten electrode  |2 eng 
650 4 |a point cloud  |2 eng 
650 4 |a TIG welding  |2 eng 
650 4 |a welding robot  |2 eng 
650 4 |a fuzzy logic  |2 eng 
700 1 |a Dekan, Martin  |u 031000  |k Z1  |4 ths  |U FEI Fakulta elektrotechniky a informatiky  |T FEI Ústav robotiky a kybernetiky  |X 16569  |U E011  |Y 356  |7 A000016569 
856 4 |u https://opac.crzp.sk/?fn=detailBiblioFormChildEEI77&sid=C0DEB8E07572332BA2260C15805F&seo=CRZP-detail-kniha